书目信息 |
| 题名: |
房屋建筑学
|
|
| 作者: | 舒秋华 主编 | |
| 分册: | ||
| 出版信息: | 武汉 武汉工业大学出版社 1996.07 |
|
| 页数: | 398页 | |
| 开本: | 26cm | |
| 丛书名: | ||
| 单 册: | ||
| 中图分类: | TU22-43 | |
| 科图分类: | ||
| 主题词: | 建筑构造--结构设计 | |
| 电子资源: | ||
| ISBN: | 7-5629-1083-9 | |
| 000 | 00521nam0 2200181 45 | |
| 001 | 0010232042 | |
| 005 | 20120407114017.93 | |
| 010 | @a7-5629-1083-9@dRMB 26.00 | |
| 100 | @a20001023d1996 km y0chiy0120 ea | |
| 101 | 0 | @achi |
| 200 | 1 | @a房屋建筑学@AFang Wu Jian Zhu Xue@f舒秋华主编@FShu Qiu Hua Zhu Bian |
| 210 | @a武汉@c武汉工业大学出版社@d1996.07 | |
| 215 | @a398页@d26cm | |
| 606 | 0 | @a建筑构造@x结构设计 |
| 690 | @aTU22-43@v3 | |
| 701 | 0 | @a舒秋华@4主编 |
| 801 | @aCN@c20081027 | |
| 905 | @b184851-860@dTU22-43@eSH328@f10 | |
| 房屋建筑学/舒秋华主编.-武汉:武汉工业大学出版社,1996.07 |
| 398页;26cm |
| ISBN 7-5629-1083-9:RMB 26.00 |
| ● |
| 相关链接 |
|
|
|
正题名:房屋建筑学
索取号:TU22-43/SH328
 
预约/预借
| 序号 | 登录号 | 条形码 | 馆藏地/架位号 | 状态 | 备注 |
| 1 | 184851 | 201848518 | 建筑库101/101建筑库 46排7列2层/ [索取号:TU22-43/SH328] | 在馆 | |
| 2 | 184852 | 201848527 | 建筑库101/101建筑库 46排7列2层/ [索取号:TU22-43/SH328] | 在馆 | |
| 3 | 184853 | 201848536 | 建筑库101/101建筑库 46排7列2层/ [索取号:TU22-43/SH328] | 在馆 | |
| 4 | 184854 | 201848545 | 自科二线404/404自科库 22排1列4层/ [索取号:TU22-43/SH328] | 在馆 | |
| 5 | 184855 | 201848554 | 建筑库101/101建筑库 46排7列2层/ [索取号:TU22-43/SH328] | 在馆 | |
| 6 | 184856 | 201848563 | 建筑库101/101建筑库 46排7列2层/ [索取号:TU22-43/SH328] | 在馆 | |
| 7 | 184857 | 201848572 | 建筑库101/101建筑库 46排7列2层/ [索取号:TU22-43/SH328] | 在馆 | |
| 8 | 184858 | 201848581 | 建筑库101/101建筑库 46排7列2层/ [索取号:TU22-43/SH328] | 在馆 | |
| 9 | 184859 | 201848590 | 建筑库101/101建筑库 46排7列2层/ [索取号:TU22-43/SH328] | 在馆 | |
| 10 | 184860 | 201848607 | 建筑库101/101建筑库 46排7列2层/ [索取号:TU22-43/SH328] | 在馆 | |
| 11 | 362578 | 203625782 | 建筑库101/101建筑库 46排7列2层/ [索取号:TU22-43/SH328] | 在馆 | |
| 12 | 460167 | 204601671 | 建筑库101/101建筑库 46排7列2层/ [索取号:TU22-43/SH328] | 在馆 | |
| 13 | 485256 | 204852560 | 土木与交通工程学院资料室/ [索取号:TU22-43/SH328] | 在馆 | |
| 14 | 485912 | 204859126 | 土木与交通工程学院资料室/ [索取号:TU22-43/SH328] | 在馆 |